Normal view
MARC view
- Larminie, James
Entry Personal Name
001 - CONTROL NUMBER
- control field: 114501
003 - CONTROL NUMBER IDENTIFIER
- control field: NUST
005 - DATE AND TIME OF LATEST TRANSACTION
- control field: 20230908182628.0
008 - FIXED-LENGTH DATA ELEMENTS
- fixed length control field: 230908|| aca||aabn | a|a d
040 ## - CATALOGING SOURCE
- Original cataloging agency: NUST
- Transcribing agency: NUST
100 ## - HEADING--PERSONAL NAME
- Personal name: Larminie, James
670 ## - SOURCE DATA FOUND
- Source citation: Work cat.: (NUST): Larminie, James, Fuel Cell Systems Explained, 2003.
